Normal view MARC view
  • Dr. Shahzad Amin Sheikh.

Entry Personal Name

Number of records used in: 11

001 - CONTROL NUMBER

  • control field: 18620

003 - CONTROL NUMBER IDENTIFIER

  • control field: NUST

005 - DATE AND TIME OF LATEST TRANSACTION

  • control field: 20190726054726.0

008 - FIXED-LENGTH DATA ELEMENTS

  • fixed length control field: 190726|| aca||aabn | a|a d

040 ## - CATALOGING SOURCE

  • Original cataloging agency: NUST
  • Transcribing agency: NUST

100 ## - HEADING--PERSONAL NAME

  • Personal name: Dr. Shahzad Amin Sheikh.

670 ## - SOURCE DATA FOUND

  • Source citation: Work cat.: (NUST): Mirza, Alina 18619, Development of efficient Algorithms for impulsive Noise Reduction /, 2016.
© 2023 Central Library, National University of Sciences and Technology. All Rights Reserved.